| 000 | 00000nam##2200000za#4500 |
| 001 | 9.639569 |
| 003 | CaOODSP |
| 005 | 20210624222233 |
| 007 | cr ||||||||||| |
| 008 | 150407|1999||||xxc|||||o f|0| 0 fre|d |
| 040 | |aCaOODSP|bfre |
| 043 | |an-cn--- |
| 086 | 1 |aM92-180/1999F-PDF |
| 110 | 1 |aCanada.|bRessources naturelles Canada. |bSecrétariat du changement climatique. |
| 245 | 10|aPassez à l'action pour atténuer les changements climatiques : |h[ressource électronique]|bà la maison, au travail, sur la route |
| 246 | 1 |aLes changements climatiques |
| 260 | |aOttawa - Ontario : |bRessources naturelles Canada. |cc1999. |
| 300 | |a20p.|bill. (certaines en couleur), photographies |
| 500 | |aEn tête du titre : Les changements climatiques. |
| 590 | |a12-15-Supp|b2012-04-13 |
| 691 | 07|aRendement énergétique|2gcpds |
| 775 | 08|tTaking action on climate change : |w(CaOODSP)9.695433 |
| 776 | 0#|tPassez à l'action pour atténuer les changements climatiques : |w(CaOODSP)9.681044 |
| 856 | 40|ahttp://publications.gc.ca|qPDF|s593 Ko|uhttps://publications.gc.ca/collections/Collection/M92-180-1999F.pdf |
| 986 | |aM27-01-1257F |